Home Print Resources E-Books E-Journals IIMT Lecture Series Library Membership Form Book Recommendation Form Campus Tour Take AdmissionAbout Us Contact Us

UNIX COMPLETE (Record no. 22940)

000 -LEADER
fixed length control field 00380nam a2200169Ia 4500
003 - CONTROL NUMBER IDENTIFIER
control field OSt
005 - DATE AND TIME OF LATEST TRANSACTION
control field 20240119162456.0
008 - FIXED-LENGTH DATA ELEMENTS--GENERAL INFORMATION
fixed length control field 170619s9999 xx 000 0 und d
020 ## - INTERNATIONAL STANDARD BOOK NUMBER
International Standard Book Number 8176560987
040 ## - CATALOGING SOURCE
Transcribing agency IIMT ENGINEERING COLLEGE
100 ## - MAIN ENTRY--PERSONAL NAME
Personal name DYSON- P
245 #0 - TITLE STATEMENT
Title UNIX COMPLETE
260 ## - PUBLICATION, DISTRIBUTION, ETC.
Name of publisher, distributor, etc. PEARSON EDU. DELHI
260 ## - PUBLICATION, DISTRIBUTION, ETC.
Date of publication, distribution, etc. 2002
546 ## - LANGUAGE NOTE
Language note ENGLISH
942 ## - ADDED ENTRY ELEMENTS (KOHA)
Source of classification or shelving scheme
Koha item type Reference Book
Holdings
Withdrawn status Lost status Source of classification or shelving scheme Damaged status Not for loan Home library Current library Date acquired Source of acquisition Cost, normal purchase price Total Checkouts Barcode Date last seen Price effective from Koha item type
          IIMT Engineering College-MCA IIMT Engineering College-MCA 06/23/2017 33 165.00   14-B-401 06/23/2017 06/23/2017 Text-Book- for 7 days
          IIMT Engineering College-MCA IIMT Engineering College-MCA 06/23/2017 33 165.00   14-B-402 06/23/2017 06/23/2017 Text-Book- for 7 days
          IIMT Engineering College-MCA IIMT Engineering College-MCA 06/23/2017 33 165.00   14-B-403 06/23/2017 06/23/2017 Text-Book- for 7 days
          IIMT Engineering College-MCA IIMT Engineering College-MCA 06/23/2017 33 165.00   14-B-404 06/23/2017 06/23/2017 Text-Book- for 7 days
          IIMT Engineering College-MCA IIMT Engineering College-MCA 06/23/2017 33 165.00   14-B-405 06/23/2017 06/23/2017 Text-Book- for 7 days
IIMT, Central Library. All Rights Reserved IIMT,UNIVERSITY © 2023
Implemented and Customised by I CLOUDE EMS
You Are OPAC Visitor No
free web counter

Powered by Koha